| 000 | 00000nam##2200000za#4500 |
| 001 | 9.647926 |
| 003 | CaOODSP |
| 005 | 20210615112844 |
| 007 | ta |
| 008 | 150407|2004||||xxc||||| f|0| 0 eng|d |
| 020 | |a0-662-29534-X |
| 040 | |aCaOODSP|beng |
| 043 | |an-cn--- |
| 086 | 1 |aR63-245/2004E |
| 110 | 2 |aParks Canada. |
| 245 | 10|aS.S. Keno National Historic Site of Canada : |bmanagement plan |
| 260 | |aOttawa - Ontario : |bParks Canada |c2004. |
| 300 | |a25p. : |bglossary, illus., maps ; |c28 cm. |
| 520 | 3 |aThis report sets out how Parks Canada plans to manage the S.S. Keno National Historic Site of Canada. The S.S. Keno was one of the fleet of riverboats that played a major part in the history of the Yukon Territory and the Klondike Gold Rush. |
| 563 | |aSoftcover |
| 590 | |a05-10|b2005-03-11 |
| 690 | 07|aHistoric sites|2gcpds |
| 690 | 07|aShips|2gcpds |
| 775 | 08|tLieu historique national du Canada S.S. Keno : |w(CaOODSP)9.681308 |
| 776 | 0#|tS.S. Keno National Historic Site of Canada |w(CaOODSP)9.822667 |